Practical illustrated histology

Bibliographic Details
Main Authors: Ratcliffe, N. A. (Author), Llewellyn, P. J. (Author)
Format: Book
Published: New York : Macmillian , 1982
Subjects:

MARC

LEADER 00000cam a2200000 7i4500
001 0000003508
005 20100613093000.0
008 021118s1982
020 |a 0023985607 
050 0 0 |a QM551   |b .R3 
060 1 0 |a QS 517   |b R233p 1982 
090 0 0 |a QS 517   |b R233p 1982 
100 1 |a Ratcliffe, N. A. ,   |e author 
245 0 0 |a Practical illustrated histology   |c N. A. Ratcliff ; illustrated by P. J. Llewellyn 
260 2 |a New York :   |b Macmillian ,   |c 1982 
300 |a 228 p. :   |b ill. ;   |c 25 cm. 
504 |a Includesbibliographical references and index 
650 0 |a Histology 
650 1 2 |a Histology 
655 2 |a Atlases 
700 1 |a Llewellyn, P. J. ,   |e author 
999 |a 1000032710   |b Book   |c OPEN SHELF (30 DAYS)   |e Medical Campus